[Event "Antwerp League-ch op"]
[Site "Antwerp"]
[Date "1993.12.12"]
[Round "4"]
[White "De Cock, Cesar"]
[Black "Buggenhoudt, Andre"]
[Result "1-0"]
[WhiteElo "1587"]
[BlackElo "1280"]
[PlyCount "101"]
[EventDate "1993.09.26"]
[EventType "swiss"]
[EventRounds "9"]
[EventCountry "BEL"]
[SourceTitle "EXT 2021"]
[Source "ChessBase"]
[SourceDate "2020.10.23"]
[SourceVersion "1"]
[SourceVersionDate "2020.10.23"]
[SourceQuality "1"]

1. d4 Nf6 2. c4 e5 3. e3 b6 4. Nc3 Bb4 5. Bd2 0-0 6. a3 Bxc3 7. bxc3 exd4 8. cxd4 Ne4 9. Nf3 Qf6 10. Bd3 Nxd2 11. Nxd2 Bb7 12. Ne4 Bxe4 13. Bxe4 c6 14. 0-0 Na6 15. Qc2 g6 16. Bf3 Rad8 17. Qa4 Nc7 18. Qxa7 Na8 19. Qa4 Nc7 20. Qc2 b5 21. cxb5 Nxb5 22. a4 Nd6 23. Ra2 Rc8 24. Rfa1 Qg5 25. Qd3 Nf5 26. a5 Rfe8 27. Ra3 d5 28. a6 Nh4 29. Qe2 f5 30. g3 f4 31. Bg4 fxg3 32. hxg3 Nf5 33. Bxf5 Qxf5 34. a7 Ra8 35. Ra6 Rec8 36. Qb2 Qd7 37. Qb6 Kg7 38. Rc1 h5 39. Rb1 Rc7 40. Kg2 Raxa7 41. Rxa7 Rxa7 42. Qb8 Rc7 43. Ra1 Kh6 44. Ra8 Rb7 45. Qh8+ Qh7 46. Qe5 Rc7 47. Qf4+ Kg7 48. Rf8 h4 49. Qf6+ Kh6 50. Rh8 Rg7 51. Qxh4# 1-0